000 00465nam a2200169Ia 4500
008 230917s9999||||xx |||||||||||||| ||und||
020 _cRS 575.00
040 _e5009889
_aMAIN
041 _aEnglish
082 _a320.50954 M726M
100 _aMohapatra, Suman
245 0 _aModern Indian political thought
260 _aNew Delhi
_bAcademic Aspirations
_c2021
300 _axii, 328 p.
500 _a4367 14/01/2022 IF22/1059 15/01/2022 Main Budget
942 _cBK
999 _c4495
_d4495